[Event "IM Not A GM Speed Chess"]
[Site "chess.com INT"]
[Date "2020.04.23"]
[Round "1.18"]
[White "Rosen, Eric"]
[Black "Paehtz, Elisabeth"]
[Result "0-1"]
[WhiteTitle "IM"]
[BlackTitle "IM"]
[WhiteElo "2353"]
[BlackElo "2473"]
[WhiteFideId "2032562"]
[BlackFideId "4641833"]
[EventDate "2020.04.18"]

1. e4 c5 2. Nc3 d6 3. f4 g6 4. Nf3 Bg7 5. Bc4 a6 6. a4 Nc6 7. O-O Na5 8. Ba2 c4
9. Kh1 e6 10. d3 Qc7 11. Qe1 Ne7 12. Qh4 h6 13. Bd2 Bd7 14. Rae1 b5 15. f5 gxf5
16. Nd5 exd5 17. exd5 Bf8 18. Rxe7+ Bxe7 19. Re1 O-O-O 20. Rxe7 Rhe8 21. Rxf7
cxd3 22. cxd3 bxa4 23. Qb4 Nb3 24. Bxb3 axb3 25. h3 Qc5 26. Qxb3 Bb5 27. Ba5 Rd7
28. Rxd7 Kxd7 29. d4 Qc1+ 30. Kh2 Qf4+ 31. Kg1 Re2 32. Qc3 Qe3+ 33. Qxe3 Rxe3
34. Bc3 Re2 35. Nh4 Bd3 36. Ng6 Rc2 37. Nf4 Be4 38. Kh2 Kc7 39. Kg3 Kb6 40. Kh4
Kb5 41. Kh5 a5 42. Kxh6 a4 43. h4 Rxc3 44. bxc3 a3 45. h5 a2 46. Kg7 a1=Q 47. h6
Qa7+ 48. Kg6 Qe7 49. h7 Qf8 50. Kg5 Qh8 51. Kg6 Kc4 52. Ne6 Bxd5 53. Ng5 Be4 54.
Nf7 f4+ 55. Kg5 Qxh7 56. Nxd6+ Kxc3 57. Nxe4+ Qxe4 58. d5 Qxd5+ 59. Kxf4 Qxg2
60. Ke3 Qd2+ 61. Kf3 0-1

[Event "IM Not A GM Speed Chess"]
[Site "chess.com INT"]
[Date "2020.04.23"]
[Round "1.19"]
[White "Paehtz, Elisabeth"]
[Black "Rosen, Eric"]
[Result "1/2-1/2"]
[WhiteTitle "IM"]
[BlackTitle "IM"]
[WhiteElo "2473"]
[BlackElo "2353"]
[WhiteFideId "4641833"]
[BlackFideId "2032562"]
[EventDate "2020.04.18"]

1. g3 d5 2. Bg2 e6 3. d3 Nf6 4. Nd2 Be7 5. e4 b6 6. e5 Nfd7 7. Ngf3 Bb7 8. O-O
c5 9. Re1 Nc6 10. Qe2 Qc7 11. c3 a5 12. Nf1 Ba6 13. h4 h6 14. h5 a4 15. a3 Na5
16. Bf4 Nb3 17. Rad1 c4 18. d4 O-O-O 19. Ne3 Bb7 20. Nc2 Nb8 21. Nb4 Bxb4 22.
axb4 b5 23. Nd2 Nxd2 24. Qxd2 Qe7 25. g4 Rdg8 26. Bg3 g5 27. Bh3 Bc6 28. Kh2 Rg7
29. f4 gxf4 30. Qxf4 Qg5 31. Qxg5 hxg5 32. Rf1 Kd8 33. Rf2 Be8 34. Rdf1 Nd7 35.
Rf3 Ke7 36. Bf2 Rh6 37. Be3 Rh8 38. Bc1 Rh6 39. Kg3 Rh8 40. Bg2 Rh6 41. R3f2 Rg8
42. Bf3 Rg7 43. Bd1 Rg8 44. Bc2 Rg7 45. Rf3 Rg8 46. R3f2 Rg7 47. Rf3 Rh8 48.
R3f2 Rh6 1/2-1/2

[Event "IM Not A GM Speed Chess"]
[Site "chess.com INT"]
[Date "2020.04.19"]
[Round "1.20"]
[White "Rosen, Eric"]
[Black "Paehtz, Elisabeth"]
[Result "1-0"]
[WhiteTitle "IM"]
[BlackTitle "IM"]
[WhiteElo "2353"]
[BlackElo "2473"]
[WhiteFideId "2032562"]
[BlackFideId "4641833"]
[EventDate "2020.04.18"]

1. e4 c5 2. Nc3 Nc6 3. Bb5 Nd4 4. Bc4 a6 5. a4 e6 6. Nge2 Ne7 7. Nxd4 cxd4 8.
Ne2 Nc6 9. O-O Bc5 10. Bb3 O-O 11. d3 Rb8 12. Kh1 b5 13. axb5 axb5 14. Bd2 e5
15. f4 d6 16. Ng3 Be6 17. Bxe6 fxe6 18. Qg4 Qe7 19. f5 exf5 20. Nxf5 Qc7 21. Ra6
Rb6 22. Nh6+ 1-0

[Event "IM Not A GM Speed Chess"]
[Site "chess.com INT"]
[Date "2020.04.23"]
[Round "1.21"]
[White "Paehtz, Elisabeth"]
[Black "Rosen, Eric"]
[Result "0-1"]
[WhiteTitle "IM"]
[BlackTitle "IM"]
[WhiteElo "2473"]
[BlackElo "2353"]
[WhiteFideId "4641833"]
[BlackFideId "2032562"]
[EventDate "2020.04.18"]

1. e4 e5 2. Nf3 Nf6 3. Nc3 Nc6 4. Bb5 Bb4 5. O-O O-O 6. d3 d6 7. Ne2 Ne7 8. Ng3
Ng6 9. c3 Bc5 10. Ba4 Bb6 11. d4 Bg4 12. Be3 Nh4 13. Bb5 Bxf3 14. gxf3 Qc8 15.
Re1 Nh5 16. Bf1 Nf4 17. Bxf4 exf4 18. Nh1 Qe6 19. h3 Qh6 20. Kh2 Qh5 21. Bg2
Rae8 22. Rg1 Re6 23. Qd3 Rh6 24. Qf1 Re8 25. Ng3 fxg3+ 26. fxg3 Nxg2 27. Qxg2
Qg6 28. Rae1 c5 29. d5 c4 30. Rgf1 Bc5 31. g4 Rh4 32. Qg3 Qh6 33. Kg2 b5 34. Re2
a6 35. f4 f6 36. Rfe1 a5 37. Qf3 b4 38. Rd1 bxc3 39. bxc3 Rb8 40. Red2 Qg6 41.
Re2 a4 42. Qg3 Qh6 43. e5 fxe5 44. fxe5 Rf8 45. e6 Qf6 46. e7 Re8 47. Re6 Qg5
48. Rde1 Rh6 49. R1e2 Rf6 50. Rxf6 Qxf6 51. Re6 Qg5 52. Qf3 Qd2+ 53. Kg3 Qg5 54.
Qf4 Qxf4+ 55. Kxf4 Kf7 56. Kf5 Rxe7 57. g5 g6+ 58. Kf4 Rxe6 0-1

[Event "IM Not A GM Speed Chess"]
[Site "chess.com INT"]
[Date "2020.04.23"]
[Round "1.22"]
[White "Rosen, Eric"]
[Black "Paehtz, Elisabeth"]
[Result "1-0"]
[WhiteTitle "IM"]
[BlackTitle "IM"]
[WhiteElo "2353"]
[BlackElo "2473"]
[WhiteFideId "2032562"]
[BlackFideId "4641833"]
[EventDate "2020.04.18"]

1. e4 e5 2. Nf3 Nc6 3. Bb5 a6 4. Ba4 b5 5. Bb3 Na5 6. Bxf7+ Kxf7 7. Nxe5+ Kf6 8.
d4 g6 9. Qf3+ Ke6 10. Qf7+ Kd6 11. Qd5+ Ke7 12. Qf7+ Kd6 13. Bf4 Ne7 14. Qf6# 1-0

[Event "IM Not A GM Speed Chess"]
[Site "chess.com INT"]
[Date "2020.04.23"]
[Round "1.23"]
[White "Paehtz, Elisabeth"]
[Black "Rosen, Eric"]
[Result "0-1"]
[WhiteTitle "IM"]
[BlackTitle "IM"]
[WhiteElo "2473"]
[BlackElo "2353"]
[WhiteFideId "4641833"]
[BlackFideId "2032562"]
[EventDate "2020.04.18"]

1. b3 e5 2. Bb2 Nc6 3. e3 Nf6 4. Bb5 e4 5. Ne2 a6 6. Bxc6 dxc6 7. d3 Bd6 8. dxe4
Nxe4 9. Qd4 Nf6 10. Nbc3 Qe7 11. O-O-O Bf5 12. Ng3 Bg6 13. f4 Bc5 14. Qe5 Bxe3+
15. Kb1 Qxe5 16. fxe5 Nd7 17. Rhe1 Bf2 18. e6 Nf6 19. exf7+ Kxf7 20. Rf1 Bxg3
21. hxg3 Rad8 22. Rde1 Rhe8 23. Bc1 b5 24. g4 h6 25. g5 hxg5 26. Bxg5 b4 27. Na4
Rd5 28. Bc1 Rxe1 29. Rxe1 Ne4 30. Rf1+ Kg8 31. Rf4 Rd1 32. Kb2 Ng3 33. Rg4 Ne2
34. Rxg6 Nxc1 35. Rxc6 Ne2 36. Rxc7 Rg1 37. Rc4 a5 38. Rc5 Rxg2 39. Rxa5 Nd4 40.
Rc5 g5 41. Nb6 g4 42. Nd5 g3 43. Rc4 Nxc2 44. Nf6+ Kf7 45. Rf4 Ne3+ 46. Kb1 Rf2
47. Re4 g2 0-1

[Event "IM Not A GM Speed Chess"]
[Site "chess.com INT"]
[Date "2020.04.23"]
[Round "1.24"]
[White "Rosen, Eric"]
[Black "Paehtz, Elisabeth"]
[Result "0-1"]
[WhiteTitle "IM"]
[BlackTitle "IM"]
[WhiteElo "2353"]
[BlackElo "2473"]
[WhiteFideId "2032562"]
[BlackFideId "4641833"]
[EventDate "2020.04.18"]

1. e4 g6 2. d4 Bg7 3. Nf3 d6 4. Bc4 a6 5. a4 Nc6 6. c3 Nf6 7. Qe2 O-O 8. e5 dxe5
9. dxe5 Nd5 10. h3 Be6 11. O-O h6 12. Rd1 Nf4 13. Qc2 Qc8 14. Bxf4 Bxc4 15. Nbd2
Be6 16. Ne4 g5 17. Bg3 Bf5 18. Re1 Bg6 19. Qb3 b6 20. Rad1 Qf5 21. Qc4 Qe6 22.
Qxe6 fxe6 23. Ned2 Rfd8 24. Nc4 Kf7 25. Kf1 b5 26. axb5 axb5 27. Na3 b4 28. cxb4
Nxb4 29. h4 Bd3+ 30. Kg1 g4 31. Nd2 h5 32. Ndc4 Bf5 33. Ne3 Bg6 34. Bf4 Nd3 35.
Rxd3 Rxd3 36. Rc1 Rb3 37. Rxc7 Rxb2 38. Nac4 Rb1+ 39. Kh2 Bf8 40. Kg3 Rb3 41.
Nd6+ Kg8 42. Nc4 Rc3 43. Bg5 Ra4 44. Nb6 Rxc7 45. Nxa4 Rb7 46. Nc5 Rb6 47. Nd7
Rc6 48. Nb8 Rb6 49. Nd7 Rc6 50. Nb8 Rc7 51. Na6 Ra7 52. Nc5 Kf7 53. Bf4 Rc7 54.
Na6 Rc6 55. Nb4 Rc1 56. Nxg4 Rb1 57. Nh6+ Bxh6 58. Bxh6 Rxb4 59. Be3 Rb3 60. Kf4
Rb4+ 61. Kg3 Rb5 62. Kf4 Rb7 63. Kg5 Rd7 64. f3 Rd8 65. Bf4 Rg8 66. Kh6 Bf5 67.
g4 hxg4 68. fxg4 Rxg4 69. Bg5 Rg1 70. Kh5 Re1 71. Bf4 Re4 72. Bh2 Kg7 73. Kg5
Re2 74. Bf4 Kh7 75. Kh5 Rg2 76. Bg5 Bg6# 0-1

[Event "IM Not A GM Speed Chess"]
[Site "chess.com INT"]
[Date "2020.04.18"]
[Round "1.1"]
[White "Kavutskiy, Konstantin"]
[Black "Trent, Lawrence"]
[Result "0-1"]
[WhiteTitle "IM"]
[BlackTitle "IM"]
[WhiteElo "2391"]
[BlackElo "2399"]
[WhiteFideId "2026384"]
[BlackFideId "408638"]
[EventDate "2020.04.18"]

1. d4 Nf6 2. c4 e6 3. Nf3 c5 4. d5 exd5 5. cxd5 d6 6. Nc3 g6 7. Nd2 Bg7 8. e4
O-O 9. Be2 Nbd7 10. O-O Ne5 11. a4 a6 12. Re1 g5 13. Nf1 h6 14. Ng3 Re8 15. a5
b5 16. axb6 Qxb6 17. Qc2 Bd7 18. h3 Reb8 19. Ra2 a5 20. Be3 Qb4 21. Rb1 a4 22.
Bd2 Qb3 23. Qc1 Nc4 24. Bd1 Qb4 25. Be1 Ne5 26. Bc2 Qc4 27. Qd1 Rb4 28. Bxa4
Rbxa4 29. Rxa4 Bxa4 30. b3 Bxb3 31. Rxb3 Qd3 32. Qc1 Qa6 33. Nf5 Bf8 34. Bd2 Nd3
35. Qb1 c4 36. Rb8 Qa1 37. Qxa1 Rxa1+ 38. Kh2 Nxf2 39. Nxh6+ Kh7 40. Nxf7 Rh1+
41. Kg3 N2xe4+ 42. Nxe4 Nxe4+ 43. Kg4 Be7 44. Bxg5 Bxg5 45. Nxg5+ Nxg5 46. Kxg5
Rd1 47. g4 Rxd5+ 48. Kf6 c3 49. Rd8 c2 50. Rd7+ Kg8 51. Kg6 Kf8 52. Rd8+ Ke7 53.
Rc8 Rc5 0-1

[Event "IM Not A GM Speed Chess"]
[Site "chess.com INT"]
[Date "2020.04.19"]
[Round "1.2"]
[White "Trent, Lawrence"]
[Black "Kavutskiy, Konstantin"]
[Result "1-0"]
[WhiteTitle "IM"]
[BlackTitle "IM"]
[WhiteElo "2399"]
[BlackElo "2391"]
[WhiteFideId "408638"]
[BlackFideId "2026384"]
[EventDate "2020.04.18"]

1. d4 Nf6 2. c4 g6 3. Nc3 Bg7 4. e4 d6 5. Be2 O-O 6. h4 Na6 7. h5 c5 8. d5 e6 9.
Bg5 Nc7 10. Nf3 exd5 11. cxd5 b5 12. Qc2 b4 13. Nd1 Qe8 14. Nd2 Nb5 15. Bxb5
Qxb5 16. Ne3 Re8 17. hxg6 fxg6 18. f3 Nh5 19. Ndc4 Qd7 20. g4 Nf6 21. Qh2 Rd8
22. Qh4 Rf8 23. Qh2 Rd8 24. O-O-O Ba6 25. Qf4 Bxc4 26. Nxc4 Rf8 27. Qxd6 Qa4 28.
Qe6+ Kh8 29. Ne5 Qe8 30. Qxe8 Rfxe8 31. Nxg6+ Kg8 32. Nf4 c4 33. Ne6 b3 34. axb3
cxb3 35. Kb1 Rac8 36. Nxg7 Kxg7 37. Bxf6+ Kxf6 38. Rxh7 Rc2 39. d6 Ke6 40. Rxa7
Rh8 41. Re7+ Kf6 42. Rb7 Ke6 43. Rxb3 Rhc8 44. d7 1-0

[Event "IM Not A GM Speed Chess"]
[Site "chess.com INT"]
[Date "2020.04.20"]
[Round "1.3"]
[White "Kavutskiy, Konstantin"]
[Black "Trent, Lawrence"]
[Result "0-1"]
[WhiteTitle "IM"]
[BlackTitle "IM"]
[WhiteElo "2391"]
[BlackElo "2399"]
[WhiteFideId "2026384"]
[BlackFideId "408638"]
[EventDate "2020.04.18"]

1. d4 Nf6 2. c4 g6 3. Nc3 Bg7 4. e4 O-O 5. h3 c6 6. Nf3 d5 7. e5 Ne4 8. Bd3 Bf5
9. O-O Nxc3 10. bxc3 Bxd3 11. Qxd3 dxc4 12. Qxc4 Qd5 13. Qd3 b5 14. a4 Nd7 15.
Ba3 Rfe8 16. Rfe1 a6 17. Rac1 Nb6 18. axb5 axb5 19. Bb4 Nc4 20. Qe2 Nb6 21. h4
Bh6 22. Ra1 Qe6 23. Qe4 Nd5 24. Ng5 Qf5 25. e6 Bxg5 26. exf7+ Kxf7 27. hxg5 Qxe4 0-1

[Event "IM Not A GM Speed Chess"]
[Site "chess.com INT"]
[Date "2020.04.22"]
[Round "1.4"]
[White "Trent, Lawrence"]
[Black "Kavutskiy, Konstantin"]
[Result "1-0"]
[WhiteTitle "IM"]
[BlackTitle "IM"]
[WhiteElo "2399"]
[BlackElo "2391"]
[WhiteFideId "408638"]
[BlackFideId "2026384"]
[EventDate "2020.04.18"]

1. e3 g6 2. c4 Bg7 3. Nc3 Nf6 4. g4 d6 5. g5 Nfd7 6. h4 h6 7. Bg2 c5 8. d4 cxd4
9. exd4 Nc6 10. Nge2 e5 11. Nb5 Nb6 12. c5 a6 13. Nxd6+ Kf8 14. Qb3 Qe7 15. Bxc6
bxc6 16. Qxb6 exd4 17. Qxc6 d3 18. Be3 Rb8 19. Nxc8 Qe5 20. Qd6+ Qxd6 21. Nxd6
dxe2 22. Kxe2 Rxb2+ 23. Kf3 Ke7 24. Rab1 1-0

[Event "IM Not A GM Speed Chess"]
[Site "chess.com INT"]
[Date "2020.04.23"]
[Round "1.5"]
[White "Kavutskiy, Konstantin"]
[Black "Trent, Lawrence"]
[Result "0-1"]
[WhiteTitle "IM"]
[BlackTitle "IM"]
[WhiteElo "2391"]
[BlackElo "2399"]
[WhiteFideId "2026384"]
[BlackFideId "408638"]
[EventDate "2020.04.18"]

1. d4 d5 2. c4 e5 3. dxe5 d4 4. Nf3 Nc6 5. g3 Nge7 6. Bg2 Ng6 7. O-O Ngxe5 8.
Nxe5 Nxe5 9. b3 a5 10. Bb2 Bc5 11. Nd2 O-O 12. Ne4 Ba7 13. Qd2 Bf5 14. Qxa5 Re8
15. Qd2 Nxc4 16. bxc4 Bxe4 17. Rfd1 Bxg2 18. Kxg2 Qe7 19. Bxd4 Rad8 20. Qb2 Qe4+
21. f3 Bxd4 0-1

[Event "IM Not A GM Speed Chess"]
[Site "chess.com INT"]
[Date "2020.04.24"]
[Round "1.6"]
[White "Trent, Lawrence"]
[Black "Kavutskiy, Konstantin"]
[Result "0-1"]
[WhiteTitle "IM"]
[BlackTitle "IM"]
[WhiteElo "2399"]
[BlackElo "2391"]
[WhiteFideId "408638"]
[BlackFideId "2026384"]
[EventDate "2020.04.18"]

1. e4 Nc6 2. Bb5 d6 3. Ne2 a6 4. Ba4 Nf6 5. d3 g6 6. c4 Bg7 7. Nbc3 O-O 8. O-O
e5 9. h3 Nd7 10. Ng3 Nc5 11. Bxc6 bxc6 12. Be3 Ne6 13. Nge2 Rb8 14. Qd2 f5 15.
exf5 gxf5 16. f4 c5 17. b3 Nd4 18. Rae1 Kh8 19. fxe5 dxe5 20. Bg5 Qd6 21. Nxd4
cxd4 22. Nd5 Rf7 23. Re2 c6 24. Ne7 Rxe7 25. Bxe7 Qxe7 26. Qa5 c5 27. Qa4 e4 28.
Qc6 Bb7 29. Qb6 Rf8 30. Qa7 e3 31. a3 f4 32. b4 f3 33. Rxf3 Rxf3 34. gxf3 Bf8
35. bxc5 Bxf3 36. Qxe7 Bxe7 0-1

[Event "IM Not A GM Speed Chess"]
[Site "chess.com INT"]
[Date "2020.04.25"]
[Round "1.7"]
[White "Kavutskiy, Konstantin"]
[Black "Trent, Lawrence"]
[Result "1-0"]
[WhiteTitle "IM"]
[BlackTitle "IM"]
[WhiteElo "2391"]
[BlackElo "2399"]
[WhiteFideId "2026384"]
[BlackFideId "408638"]
[EventDate "2020.04.18"]

1. d4 Nf6 2. c4 g6 3. Nc3 Bg7 4. e4 O-O 5. h3 c6 6. Bd3 d5 7. e5 Ne8 8. Nf3 Nc7
9. h4 h5 10. Ng5 Ne6 11. cxd5 cxd5 12. Be3 Nc6 13. Nxe6 Bxe6 14. O-O Qd7 15. Na4
b6 16. Bb5 Rac8 17. Rc1 Rc7 18. Qd2 Qc8 19. a3 Na5 20. Rxc7 Qxc7 21. Rc1 Qb8 22.
Qe2 Rc8 23. Nc3 Qa8 24. Ba6 Rc7 25. b4 Nb3 26. Rc2 Bf5 27. Bd3 Bxd3 28. Qxd3 Qc6
29. Kf1 Qc4 30. Ke2 e6 31. Qxc4 Rxc4 32. Kd3 a5 33. Rb2 axb4 34. Rxb3 bxc3 35.
Rxc3 Ra4 36. Rc8+ Kh7 37. Bc1 f6 38. Rc7 fxe5 39. dxe5 Rxh4 40. Bg5 Rc4 41. Rxc4
dxc4+ 42. Kxc4 Bxe5 43. Kb5 Bd4 44. f3 Kg7 45. a4 Kf7 46. Bd8 Ke8 47. Bxb6 Be5
48. a5 Kd7 49. a6 Kc8 50. Kc6 Kb8 51. Kd7 Bg3 52. Kxe6 g5 53. Kf5 g4 54. fxg4
hxg4 55. Kxg4 Be1 56. Kf5 Bg3 57. Kg4 Be1 58. Kf3 Ka8 59. g4 Bh4 60. Ke4 Bf6 61.
Kf5 Bh4 62. Be3 Be7 63. Bg5 Bc5 64. Bf6 Be3 65. Bg5 Bd4 66. Be7 Be3 67. Ke4 Bd2
68. Kd3 Bc1 69. Bc5 Bg5 70. Ke4 Bd2 71. Kf5 Bc1 72. Kg6 Bf4 73. Kf5 Bd2 74. Be7
Bc1 75. Bg5 Ba3 76. Bh4 Bc1 77. Bg5 Ba3 78. Be3 Be7 79. Bd4 Bh4 80. Bf6 Bf2 81.
g5 Be3 82. g6 Bh6 83. Ke6 Ka7 84. Kf7 Kxa6 85. Bg5 1-0

[Event "IM Not A GM Speed Chess"]
[Site "chess.com INT"]
[Date "2020.04.26"]
[Round "1.8"]
[White "Trent, Lawrence"]
[Black "Kavutskiy, Konstantin"]
[Result "0-1"]
[WhiteTitle "IM"]
[BlackTitle "IM"]
[WhiteElo "2399"]
[BlackElo "2391"]
[WhiteFideId "408638"]
[BlackFideId "2026384"]
[EventDate "2020.04.18"]

1. d4 Nf6 2. Nc3 d5 3. Bf4 g6 4. e3 Bg7 5. h4 h5 6. Nf3 O-O 7. Ne5 c5 8. Be2 Nc6
9. Qd2 cxd4 10. exd4 Bf5 11. f3 Rc8 12. Nxc6 Rxc6 13. Be5 a6 14. a4 e6 15. g4
hxg4 16. h5 gxf3 17. h6 Bh8 18. h7+ Nxh7 19. Qh6 g5 20. Bxh8 Kxh8 21. Bxf3 Kg8
22. Qh2 Qf6 23. Qd2 Rfc8 24. a5 Qg6 25. Bh5 Qg7 26. O-O Bg6 27. Bxg6 Qxg6 28.
Rae1 Rc4 29. Re3 Kg7 30. Ref3 f5 31. Re1 Qf6 32. Rfe3 Rxd4 33. Qe2 Rg4+ 34. Kf1
Nf8 35. Rf3 Rcc4 36. Qh2 Qh6 37. Qxh6+ Kxh6 38. b3 Rcf4 39. Kf2 Kg6 40. Na4
Rxf3+ 41. Kxf3 Rf4+ 42. Kg2 g4 43. Nc5 Kf6 44. Nxb7 Rf3 45. Nc5 Rc3 46. Nxa6
Rxc2+ 47. Kg1 Ra2 48. b4 f4 49. Nc5 f3 50. Nd3 Rd2 51. Nf2 g3 52. Ng4+ Kg5 53.
Ne3 f2+ 54. Kg2 fxe1=Q+ 0-1

[Event "IM Not A GM Speed Chess"]
[Site "chess.com INT"]
[Date "2020.04.24"]
[Round "1.9"]
[White "Kavutskiy, Konstantin"]
[Black "Trent, Lawrence"]
[Result "1/2-1/2"]
[WhiteTitle "IM"]
[BlackTitle "IM"]
[WhiteElo "2391"]
[BlackElo "2399"]
[WhiteFideId "2026384"]
[BlackFideId "408638"]
[EventDate "2020.04.18"]

1. d4 g6 2. c4 Bg7 3. e4 c5 4. d5 d6 5. Nc3 e6 6. Nge2 exd5 7. cxd5 Nf6 8. Ng3
h5 9. Be2 O-O 10. Bg5 Qb6 11. Qd2 Re8 12. O-O Nh7 13. Bh6 h4 14. Bxg7 Kxg7 15.
Nh1 Na6 16. f3 Bd7 17. Nf2 Qd8 18. f4 f5 19. Bd3 Rc8 20. Rae1 c4 21. Bb1 Qf6 22.
e5 dxe5 23. fxe5 Rxe5 24. Ng4 Qb6+ 25. Kh1 Rxe1 26. Qh6+ Kg8 27. Rxe1 Re8 28.
Ne5 Qf6 29. Qf4 Nc5 30. Nf3 Rxe1+ 31. Nxe1 Qe7 32. Nf3 g5 33. Qb8+ Kg7 34. h3 g4
35. hxg4 fxg4 36. Qe5+ Qxe5 37. Nxe5 Nf6 38. Nxc4 b5 39. Ne5 b4 40. Ne2 Nxd5 41.
Nxd7 Nxd7 42. Bf5 Ne5 43. Kg1 g3 44. Be4 Ne3 45. Nf4 a5 46. a3 bxa3 47. bxa3 Kf8
48. Ng6+ Nxg6 49. Bxg6 Ke7 50. Bd3 Kd6 51. Bg6 Kc5 52. Be8 Kd4 53. a4 Kc3 54.
Bd7 Kb4 55. Be8 Nd5 56. Kf1 Ne3+ 57. Kg1 Ka3 58. Bd7 Kb4 59. Be8 1/2-1/2

[Event "IM Not A GM Speed Chess"]
[Site "chess.com INT"]
[Date "2020.04.18"]
[Round "1.10"]
[White "Trent, Lawrence"]
[Black "Kavutskiy, Konstantin"]
[Result "1/2-1/2"]
[WhiteTitle "IM"]
[BlackTitle "IM"]
[WhiteElo "2399"]
[BlackElo "2391"]
[WhiteFideId "408638"]
[BlackFideId "2026384"]
[EventDate "2020.04.18"]

1. e4 Nc6 2. Bb5 d6 3. c3 a6 4. Ba4 Nf6 5. d4 b5 6. Bc2 e5 7. Ne2 g6 8. a4 Bb7
9. d5 Ne7 10. Na3 Bg7 11. Bg5 h6 12. Bxf6 Bxf6 13. axb5 axb5 14. Nxb5 Rxa1 15.
Qxa1 O-O 16. Qa5 c6 17. Qxd8 Rxd8 18. dxc6 Bxc6 19. c4 Bxb5 20. cxb5 d5 21. exd5
Nxd5 22. O-O Rb8 23. Bd3 Nf4 24. Nxf4 exf4 25. b3 Bd4 26. g3 fxg3 27. hxg3 Bb6
28. Bc4 Rd8 29. Re1 Rd2 30. Re2 Rxe2 31. Bxe2 Kf8 32. Kg2 Ke7 33. Bc4 f6 34. f4
Kd6 35. Kf3 Bc5 36. Ke4 Bb6 37. Bf7 g5 38. Kf5 Ke7 39. Bc4 Bf2 40. g4 Bb6 41.
fxg5 hxg5 42. Bd5 Bc5 43. Bc4 Bb6 44. Be2 Bc5 45. Bf3 Bb6 46. Ke4 Kd6 47. Kf5
Ke7 48. Bg2 Bc5 49. Bf1 Bb6 50. Bc4 Bc5 51. Bd3 Bb6 52. Kg6 Bc5 53. Kf5 Bb6 54.
b4 Bg1 55. Bc4 Bb6 56. Bd5 Bc7 57. Ke4 Bb6 58. Bg8 Kd6 59. Kf5 Ke7 60. Bc4 Kd6
61. Kxf6 Be3 62. Bd3 Kc7 63. Kf5 Kb6 64. Ke4 Bf4 65. Kd5 Bc1 66. Kc4 Bf4 67. Be4
Bc1 68. Bf5 Bf4 69. Bg6 Bc1 70. Bh7 Bf4 71. Bg8 Bc1 72. Bf7 Bf4 73. Be6 Bc1 74.
Bd7 Bf4 75. Bc8 Bc1 76. Bf5 Bf4 77. Bd7 Bc1 78. Bc6 Bf4 79. Kb3 Bc1 80. Kc2 Bf4
81. Kd1 Bc7 82. Ke2 Bf4 83. Kf3 Bc1 84. Ke4 Bf4 85. Kf5 Bc1 86. Ke4 Bf4 87. Kf5
Bc1 88. Ke4 1/2-1/2

[Event "IM Not A GM Speed Chess"]
[Site "chess.com INT"]
[Date "2020.04.24"]
[Round "1.11"]
[White "Kavutskiy, Konstantin"]
[Black "Trent, Lawrence"]
[Result "0-1"]
[WhiteTitle "IM"]
[BlackTitle "IM"]
[WhiteElo "2391"]
[BlackElo "2399"]
[WhiteFideId "2026384"]
[BlackFideId "408638"]
[EventDate "2020.04.18"]

1. d4 g6 2. c4 c5 3. d5 Bg7 4. e4 e6 5. Nc3 exd5 6. cxd5 d6 7. Nge2 Ne7 8. h4 h5
9. Bg5 Nd7 10. Ng3 Nf6 11. Qd2 O-O 12. Be2 Nh7 13. Bh6 f5 14. Bxg7 Kxg7 15.
O-O-O f4 16. Nf1 Ng8 17. Nh2 Nh6 18. Nf3 Ng4 19. Rdf1 Bd7 20. g3 Qf6 21. Ng5
Nxg5 22. Bxg4 hxg4 23. hxg5 Qxg5 24. Rh4 Qf6 25. Rfh1 Rh8 26. Rxh8 Rxh8 27. Rxh8
Kxh8 28. Qxf4 Kg7 29. Kd2 b5 30. a3 g5 31. Qxf6+ Kxf6 32. b4 Ke5 33. Ke3 Be8 34.
Ne2 Bg6 35. Nc3 a6 36. Kd3 Bh7 37. Ke3 c4 38. f3 gxf3 39. Kxf3 Kd4 40. Ne2+ Kd3
41. e5 dxe5 42. d6 Bf5 43. Nc1+ Kd2 44. g4 e4+ 45. Kg3 Bd7 46. Na2 e3 0-1

[Event "IM Not A GM Speed Chess"]
[Site "chess.com INT"]
[Date "2020.04.24"]
[Round "1.12"]
[White "Trent, Lawrence"]
[Black "Kavutskiy, Konstantin"]
[Result "1-0"]
[WhiteTitle "IM"]
[BlackTitle "IM"]
[WhiteElo "2399"]
[BlackElo "2391"]
[WhiteFideId "408638"]
[BlackFideId "2026384"]
[EventDate "2020.04.18"]

1. e4 c5 2. Nf3 e6 3. d4 cxd4 4. Nxd4 Nc6 5. Nc3 Qc7 6. Be3 a6 7. Bd3 Nf6 8. O-O
b5 9. Nxc6 Qxc6 10. a3 Bb7 11. Qe2 Rc8 12. Rae1 Be7 13. f4 Bc5 14. e5 Bxe3+ 15.
Kh1 Nd5 16. Nxd5 Qxd5 17. Qg4 Qc5 18. Qxg7 Rf8 19. f5 exf5 20. Bxf5 Bd5 21. Bxh7
Rc6 22. c3 Bh6 23. Qg3 Kd8 24. Rf6 Re6 25. Rxh6 Rxh6 26. Qg5+ Kc7 27. Qxh6 Rh8
28. Qd6+ Qxd6 29. exd6+ Kxd6 30. Bd3 Rg8 31. Bf1 Rg4 32. h3 Rg3 33. Kh2 Rg6 34.
g4 Rg5 35. Kg3 f5 36. Kf4 Rg8 37. g5 Be4 38. c4 Kc5 39. b4+ Kd4 40. Rd1+ Kc3 41.
cxb5 axb5 42. Rxd7 Ra8 43. g6 Rg8 44. g7 1-0

[Event "IM Not A GM Speed Chess"]
[Site "chess.com INT"]
[Date "2020.04.24"]
[Round "1.13"]
[White "Kavutskiy, Konstantin"]
[Black "Trent, Lawrence"]
[Result "0-1"]
[WhiteTitle "IM"]
[BlackTitle "IM"]
[WhiteElo "2391"]
[BlackElo "2399"]
[WhiteFideId "2026384"]
[BlackFideId "408638"]
[EventDate "2020.04.18"]

1. d4 g6 2. c4 Bg7 3. e4 d6 4. Nc3 Nf6 5. h3 O-O 6. Be3 Nbd7 7. g4 e5 8. d5 Nc5
9. f3 a5 10. Nge2 h5 11. Nc1 Bd7 12. Qd2 Kh7 13. Nd3 b6 14. Nxc5 bxc5 15. Bd3 a4
16. a3 Rb8 17. O-O-O c6 18. dxc6 Bxc6 19. Nd5 Bxd5 20. cxd5 Qb6 21. Bc4 h4 22.
Kb1 Qb7 23. Bg5 Nd7 24. Rc1 Nb6 25. Bxh4 f6 26. Bf2 Bh6 27. Qe2 Bxc1 28. Rxc1
Nxc4 29. Rxc4 Qb3 30. Ka1 Rf7 31. Rc3 Qb5 32. Qd2 Rfb7 33. Rc2 Qf1+ 34. Ka2 Qxh3
35. g5 Qxf3 36. gxf6 Qxf6 37. Be3 Kg8 38. Qh2 Rh7 39. Qg2 Rh5 40. Rf2 Qg7 41.
Qg1 Kh7 42. Rg2 Qb7 43. Qd1 Qb3+ 44. Qxb3 axb3+ 45. Kb1 Rh1+ 46. Bc1 Rf8 0-1

[Event "IM Not A GM Speed Chess"]
[Site "chess.com INT"]
[Date "2020.04.24"]
[Round "1.14"]
[White "Trent, Lawrence"]
[Black "Kavutskiy, Konstantin"]
[Result "1-0"]
[WhiteTitle "IM"]
[BlackTitle "IM"]
[WhiteElo "2399"]
[BlackElo "2391"]
[WhiteFideId "408638"]
[BlackFideId "2026384"]
[EventDate "2020.04.18"]

1. e4 c5 2. Nc3 e6 3. Nf3 Nc6 4. Bb5 Nd4 5. O-O a6 6. Bd3 g5 7. Ne1 Bg7 8. Ne2
Nc6 9. c3 Nge7 10. Bc2 d5 11. Ng3 Ng6 12. Nh5 Be5 13. Nf3 d4 14. Nxe5 Ncxe5 15.
d3 Bd7 16. cxd4 cxd4 17. Qd2 h6 18. Qb4 Qe7 19. Qxd4 O-O-O 20. Be3 Nc6 21. Qb6
Kb8 22. Bc5 Qe8 23. Nf6 1-0